000 00553nam a2200133 a 4500
008 120416s1980 ||||||||||||||||| || u
050 _aQC 73.6 Boa
245 1 0 _aEnergy survey methodologies for developing countries
246 _aThe Board on Science and Technology for International Development
260 _aWashington, D.C.
_bNational Academy Press
_c1980
300 _avi, 220p. : ill
350 _a0.00
995 _D0.00
_FCBU-MAIN LIBRARY (Kitwe)
_H1
_I6.00
_UDAMAGED
_ZMain Library Open Access Collection
999 _c41898
_d41898